000 00986cam a2200301 a 4500
001 21473
003 BD-RjUL
005 20211209000706.0
008 140304r19861983ii a 001 0 eng d
020 _a0070399018
020 _a0070994773
035 _a(BD-RjUL) 21537
040 _aDLC
_cDLC
_dDLC
_dBD-RjUL
_beng
041 _aeng
082 0 0 _a621.39
_219
_bMAD 1986
100 1 _aMalvino, Albert Paul.
_920099
245 1 0 _aDigital computer electronics :
_ban introduction to microcomputers /
_cAlbert Paul Malvino.
250 _a2nd ed.
260 _aNew York :
_bGregg Division, McGraw-Hill
_cc1983. [Reprinted 1986]
260 _aNew delhi :
_bTata macGraw- hill Publishing Co. Ltd. ;
_cc1983 [1993]
300 _aix, 337 p. :
_bill. ;
_c29 cm.
504 _aIncludes index.
650 0 _aElectronic digital computers.
_966331
650 0 _aMicrocomputers.
_966332
650 0 _aIntel 8085 (Microprocessor)
_966333
942 _2ddc
_cBK
999 _c21473
_d21473